|
|
|
|
| LEADER |
01364nam a2200265 a 4500 |
| 001 |
GR-Antirio750 |
| 008 |
090511s2003 gr b 001 0 gre d |
| 020 |
|
|
|a 0471268526
|
| 040 |
|
|
|a GrPaTEI
|b gre
|c GR-PaULI
|
| 040 |
|
|
|a GrPaTEI
|b gre
|c GR-PaULI
|
| 040 |
|
|
|a GrPaTEI
|b gre
|c GR-PaULI
|
| 082 |
|
0 |
|a 005.133
|2 21
|
| 100 |
0 |
|
|a Kak, Avinash C.
|
| 245 |
1 |
0 |
|a Programming with objects :
|b a comparative presentation of object-oriented programming with C++ and java /
|c Kak, Avinash C.
|
| 260 |
|
|
|a Hoboken, N.J. :
|b Wiley-Interscience , John Wiley & Sons,
|c c 2006
|
| 300 |
|
|
|a xxiτ. , 1115 σ. :
|b εικ. ;
|c 25 εκ.
|
| 504 |
|
|
|a Περιλαμβάνει βιβλιογραφίες και ευρετήριο.
|
| 650 |
|
0 |
|a C ++ ( Computer program language)
|
| 650 |
|
0 |
|a JAVA ( COMPUTER PROGRAM LANGUAGE )
|
| 650 |
|
0 |
|a Object-oriented programming (Computer science)
|
| 942 |
|
|
|2 ddc
|
| 952 |
|
|
|0 0
|1 0
|2 ddc
|4 0
|6 005_133000000000000_KAK
|7 0
|9 262133
|a LISK-2
|b LISK-2
|c BSC
|d 2021-01-17
|e 24
|f 0
|g 0.00
|l 0
|o 005.133 KAK
|p 2430000007160
|r 2021-01-17 00:00:00
|t 1
|w 2021-01-17
|y BK15
|x 20090511 0 1
|x GrPaTEI - Antirrio
|
| 952 |
|
|
|0 0
|1 0
|2 ddc
|4 0
|6 005_133000000000000_KAK
|7 0
|9 320705
|a MSLG
|b MSLG
|c BSC
|d 2021-01-23
|e 24
|f 0
|g 0.00
|l 0
|o 005.133 KAK
|p 2420000020035
|r 2021-01-23 00:00:00
|t 1
|w 2021-01-23
|y BK15
|x 20060627 0 1
|x GrPaTEI
|
| 971 |
|
|
|a .b25705490
|b 01-10-20
|c 12-09-16
|
| 999 |
|
|
|c 151185
|d 151185
|